000 00346nam a2200145Ia 4500
008 210210b1974 xxu||||| |||| 00| 0 eng d
020 _a0 679 30252 2
082 _a301 WEIL
100 _aWEINSTEIN (Deena).
245 _aLiving sociology.
260 _aNY
_bDavid Mckay Co.
_c1974
300 _axix,488
690 _aSociology
906 _a041041
999 _c90993
_d90993